Представление документа в формате MARC21

Поле Инд. ПП Название Значение
Тип записи a
Библиографический уровень m
001 Контрольный номер 3bb0a15c-7096-4b73-81ca-1f962a9d3bbe
005 Дата корректировки 20230213093752.4
008 Кодируемые данные 950630s1995 rur 00000 rus d
020 a ISBN 5-86007-027-6
080 a Индекс УДК 281.546
084 a Индекс другой классификации/Индекс ББК Э37-5
a Индекс другой классификации/Индекс ББК Э37-3
090 c Каталожный индекс Э37-5 + Э37-3
x Авторский знак В78
a Полочн. индекс Э37
245 0_ a Заглавие Восточнохристианский храм. Литургия и искусство
b Продолж. заглавия [Сборник]
c Ответственность Центр восточнохристиан. культуры; Ред.-сост. А.М. Лидов
260 0_ a Место издания Санкт-Петербург
b Издательство ДБ
c Дата издания 1994
300 a Объем 325,[3] с.
b Иллюстрации/ тип воспроизводства ил.
500 a Примечание Библиогр. в примеч. в конце ст.
650 04 a Основная рубрика Богослужение
650 04 a Основная рубрика Религиозное искусство
650 04 a Основная рубрика Христианство
x Основная подрубрика История
653 0_ a Ключевые слова История христианства
a Ключевые слова Литургия
a Ключевые слова Религиозное искусство
a Ключевые слова Христианство
700 1_ a Другие авторы Лидов А М
e Роль лиц ред.-сост.
852 41 i Расстановочный признак Проверка 2023
920 a Оператор Семен
952 c Вид литературы К рн
954 a Дата поступления на обработку 18.12.97
e Дата перешифровки 20230213